| 000 | 00914cam a22002651 4500 | ||
|---|---|---|---|
| 999 |
_c23728 _d23728 |
||
| 001 | 10341927 | ||
| 003 | BDDh-ASL | ||
| 005 | 20231015030259.0 | ||
| 008 | 750919s1965 pk b 000 0 eng | ||
| 010 | _asa 66001602 | ||
| 035 | _a(OCoLC)1636659 | ||
| 040 |
_aDLC _cTxU _dOCoLC _dDLC _dBDDh-ASL |
||
| 042 | _apremarc | ||
| 050 | 0 | 0 |
_aBP189.7.M42 _bC42 1965a |
| 082 |
_a297.0924 _bARR |
||
| 100 | 1 | _aArasteh, A. Reza. | |
| 245 | 1 | 0 |
_aRumi the Persian: _brebirth in creativity and love / _cby A. Reza Arasteh. With pref. by Erich Fromm. |
| 260 |
_aLahore : _bSh. Muhammad Ashraf, _c[1965] |
||
| 300 |
_axx, 196 p. : _c22 cm. |
||
| 500 | _aOn label mounted on t.p.: Sole distributors in the USA Paragon Book Gallery, New York. | ||
| 504 | _aBibliography: p. [195]-196. | ||
| 600 | 0 | 0 |
_aJalāl al-Dīn Rūmī, _cMaulana, _d1207-1273. |
| 906 |
_a7 _bcbc _coclcrpl _du _encip _f19 _gy-gencatlg |
||
| 942 |
_2ddc _cBK |
||